Statistics for Biggest Cities in Asia - Extreme

Click here to take the quiz!

General Stats

  • This quiz has been taken 11,090 times
    (10,170 since last reset)
  • The average score is 66 of 200

Answer Stats

Population Urban Area % Correct
39.9 milTokyo
98%
20.0 milBeijing
96%
29.5 milShanghai
94%
28.4 milDelhi
94%
30.3 milJakarta
92%
24.2 milMumbai
91%
24.6 milSeoul
90%
18.4 milBangkok
88%
7.35 milHong Kong
87%
45.6 milGuangzhou / Shenzhen
87%
24.6 milManila
87%
14.7 milTehran
86%
7.75 milSingapore
84%
3.83 milHanoi
84%
4.63 milDubai
83%
8.45 milKuala Lumpur
83%
6.95 milBaghdad
83%
8.35 milHo Chi Minh City
83%
17.7 milOsaka
83%
14.8 milIstanbul
82%
3.28 milRawalpindi / Islamabad
82%
16.4 milKolkata
80%
7.40 milRiyadh
80%
4.85 milAnkara
77%
9.10 milTaipei
77%
18.8 milDhaka
76%
2.88 milPyongyang
76%
2.63 milTel Aviv-Jaffa
75%
3.68 milDamascus
74%
16.9 milKarachi
74%
4.00 milKabul
72%
6.75 milXi'an
68%
10.7 milChennai
67%
4.48 milKuwait City
67%
2.95 milKathmandu
66%
11.5 milBangalore
65%
1.75 milBeirut
65%
2.08 milPhnom Penh
64%
5.30 milAmman
64%
2.53 milDoha
64%
12.2 milLahore
63%
4.75 milColombo
63%
2.63 milSana'a
61%
2.53 milBaku
60%
2.00 milMecca
60%
9.60 milHyderabad
59%
4.18 milBusan
57%
2.50 milSapporo
56%
12.7 milTianjin
55%
2.70 milTashkent
55%
9.30 milChengdu
54%
5.40 milYangon
52%
1.89 milHiroshima
52%
8.70 milWuhan
52%
10.5 milNagoya
52%
1.49 milYerevan
50%
8.00 milAhmedabad
50%
4.63 milJeddah
50%
6.60 milNanjing
48%
9.80 milXiamen
46%
7.80 milChongqing
46%
2.05 milAleppo
45%
1.44 milMedina
44%
3.00 milIzmir
44%
1.97 milAlmaty
43%
1.47 milManama
42%
2.18 milAgra
41%
5.30 milHarbin
40%
6.50 milPune
40%
3.75 milJaipur
39%
4.73 milChittagong
39%
8.25 milHangzhou
37%
4.88 milSurabaya
37%
3.98 milÜrümqi
37%
6.15 milBandung
34%
1.67 milDenpasar
34%
3.53 milLucknow
31%
5.90 milQingdao
31%
4.50 milDalian
30%
1.40 milMosul
30%
7.85 milShenyang
30%
2.70 milFukuoka
29%
6.30 milSurat
29%
2.60 milCebu
27%
3.10 milIsfahan
26%
1.69 milNovosibirsk
25%
3.53 milMedan
25%
5.40 milZhengzhou
25%
1.44 milBasra
25%
4.15 milFuzhou
24%
4.68 milHefei
24%
4.55 milChangsha
23%
4.05 milKunming
23%
2.73 milDaegu
23%
1.48 milMandalay
23%
1.63 milYekaterinburg
22%
3.10 milMashhad
22%
3.15 milNagpur
22%
3.48 milFaisalabad
21%
7.70 milShantou
21%
5.30 milWenzhou
21%
1.51 milDavao
21%
2.58 milPatna
20%
3.38 milKanpur
20%
3.53 milNanning
20%
1.70 milShiraz
19%
1.51 milSendai
18%
2.80 milKaohsiung
18%
2.30 milBhopal
18%
1.86 milVaranasi
17%
4.15 milJinan
17%
2.03 milBursa
17%
3.65 milChangchun
16%
2.20 milPeshawar
16%
3.03 milIndore
16%
2.38 milDammam
16%
1.76 milTabriz
15%
1.75 milPalembang
15%
3.20 milNingbo
15%
3.18 milWuxi
15%
4.23 milShijiazhuang
15%
1.56 milKochi
15%
1.88 milMakassar
14%
1.91 milGaza
14%
1.72 milAdana
14%
1.40 milJodhpur
14%
2.75 milLanzhou
14%
2.00 milMultan
13%
2.58 milCoimbatore
13%
4.08 milTaiyuan
13%
1.96 milHaikou
12%
2.73 milBhilai / Raipur
12%
4.08 milNanchang
12%
1.95 milHuainan
12%
2.08 milVishakhapatnam
12%
1.42 milAllahabad
11%
1.77 milRajkot
11%
1.41 milChelyabinsk
11%
3.48 milGuiyang
11%
3.40 milZibo
11%
2.05 milGeorge Town
11%
1.71 milMadurai
11%
1.66 milGaziantep
11%
2.73 milChangzhou
11%
2.20 milChandigarh
11%
2.40 milTaichung
10%
1.60 milGwangju
10%
2.13 milLuoyang
10%
1.81 milHohhot
10%
1.52 milJilin
10%
2.13 milYantai
10%
2.13 milVadodara
10%
1.96 milNashik
10%
2.10 milSemarang
10%
2.73 milXuzhou
9%
1.53 milSrinagar
9%
2.53 milAnshan
9%
2.05 milKitakyushu
9%
1.97 milNantong
9%
2.23 milTaizhou
9%
1.91 milLudhiana
9%
1.79 milBaoding
9%
2.15 milBaotou
8%
1.41 milAngeles
8%
1.95 milLinyi
8%
2.70 milTangshan
8%
2.20 milOkayama
8%
2.75 milHuizhou
8%
1.88 milWeifang
8%
1.57 milDaejeon
8%
1.52 milZhuhai
7%
1.97 milCixi
7%
1.85 milYangzhou
7%
2.60 milGujranwala
7%
1.82 mil Bhubaneswar
7%
1.60 milDatong
7%
1.67 milMeerut
6%
1.92 milHuai'an
6%
1.70 milAurangabad
6%
1.60 milJamshedpur
6%
1.91 milVijayawada
6%
2.13 milLiuzhou
6%
1.44 milJabalpur
6%
1.40 milXining
6%
2.45 milJiangyin
5%
1.42 milHuaibei
5%
1.65 milDaqing
5%
1.46 milMalang
5%
1.41 milXingxiang
5%
1.47 milPutian
5%
1.47 milYinchuan
5%
1.48 milHandan
5%
1.56 milAsansol
5%
1.60 milYiwu
5%
1.53 milJiaozuo
4%
1.41 milXingtai
4%
1.76 milXiangyang
4%
1.46 milXiangtan
4%
1.71 milHengyang
4%

Score Distribution

Percentile by Number Answered

Percent of People with Each Score

Your Score History

You have not taken this quiz since the last reset